| 000 | 00469nam a2200169Ia 4500 | ||
|---|---|---|---|
| 005 | 20241223173118.0 | ||
| 008 | 231217s9999 xx 000 0 und d | ||
| 020 | _a9788131725825 | ||
| 082 | _a001.6424JAV LIA;5 R | ||
| 100 | _aLiang, Daniel Y. | ||
| 245 | 0 | _aIntroduction to java programming : comprehensive version | |
| 250 | _a7th ed. | ||
| 260 |
_c2010 _bDorling Kindersley _aNew Delhi |
||
| 300 | _a733 | ||
| 650 | _ajava,programming,version | ||
| 942 | _cAA | ||
| 999 |
_c187659 _d187659 |
||